Waste water treatment (Record no. 188055)

000 -LEADER
fixed length control field 00413nam a2200145Ia 4500
008 - FIXED-LENGTH DATA ELEMENTS--GENERAL INFORMATION
fixed length control field 220217s9999||||xx |||||||||||||| ||und||
020 ## - INTERNATIONAL STANDARD BOOK NUMBER
International Standard Book Number 9788120417120
082 ## - DEWEY DECIMAL CLASSIFICATION NUMBER
Classification number 628.1 RAO
100 ## - MAIN ENTRY--PERSONAL NAME
Personal name Rao, M.N and Datta, A.K
9 (RLIN) 10064
245 #0 - TITLE STATEMENT
Title Waste water treatment
250 ## - EDITION STATEMENT
Edition statement 3
260 ## - PUBLICATION, DISTRIBUTION, ETC.
Place of publication, distribution, etc. CBS publishers and distributors
Name of publisher, distributor, etc. New delhi
Date of publication, distribution, etc. 2017
300 ## - PHYSICAL DESCRIPTION
Extent XII, 388p.
Other physical details 475
650 ## - SUBJECT ADDED ENTRY--TOPICAL TERM
Topical term or geographic name entry element Waste Water engineering
Holdings
Withdrawn status Lost status Damaged status Not for loan Collection code Home library Current library Shelving location Date acquired Full call number Barcode Date last seen Price effective from Koha item type
        Civil Engineering Central Library Central Library Reference 02/18/2022 628.1 RAO 23244 02/18/2022 02/18/2022 Books

Powered by Koha